logo

Bir Sreshtho Munshi Abdur Rouf Library
Jhenaidah Cadet College

Analytical techniques for development planning : (Record no. 5076)

MARC details
000 -LEADER
fixed length control field 00966nam a22002771 4500
001 - CONTROL NUMBER
JCCL Control Number 5076
003 - CONTROL NUMBER IDENTIFIER
JCCL marc code BD-JhCC
005 - DATE AND TIME OF LATEST TRANSACTION
control field 20171207192033.0
008 - FIXED-LENGTH DATA ELEMENTS--GENERAL INFORMATION
fixed length control field 700217s1968 pk b 000 0 eng d
035 ## - SYSTEM CONTROL NUMBER
system control number (BD-JhCC)5076
040 ## - CATALOGING SOURCE
Original cataloging agency DLC
Transcribing agency DLC
Modifying agency DLC
-- BD-JhCC
041 ## - LANGUAGE CODE
Language code of Book eng
050 00 - LIBRARY OF CONGRESS CALL NUMBER
Classification number HC440.5
Item number .T5
082 00 - DEWEY DECIMAL CLASSIFICATION NUMBER
Classification number 338.9549
Author mark and Year TIM 1968
100 1# - MAIN ENTRY--PERSONAL NAME
Personal name Tims, Wouter.
245 10 - TITLE STATEMENT
Title Analytical techniques for development planning :
Remainder of title a case study of Pakistan's third five-year plan. /
Statement of responsibility, etc Wouter Tims
260 ## - PUBLICATION, DISTRIBUTION, ETC. (IMPRINT)
Place of publication, distribution, etc Karachi :
Name of publisher, distributor, etc Pakistan Institute of Development Economics,
Date of publication, distribution, etc 1968.
300 ## - PHYSICAL DESCRIPTION
Pagination 210 p.
Dimensions 24 cm.
500 ## - GENERAL NOTE
General note Report of studies made by the Planning Commission, Government of Pakistan, during 1964 and 1965.
502 ## - DISSERTATION NOTE
Dissertation note Proefschrift--Nederlandsche Economische Hoogeschool, Rotterdam.
504 ## - BIBLIOGRAPHY, ETC. NOTE
Bibliography, etc Includes bibliographies.
651 #0 - SUBJECT ADDED ENTRY--GEOGRAPHIC NAME
Geographic name Pakistan
General subdivision Economic policy.
710 1# - ADDED ENTRY--CORPORATE NAME
Corporate name or jurisdiction name as entry element Pakistan.
Subordinate unit Planning Commission.
942 ## - ADDED ENTRY ELEMENTS (KOHA)
Source of classification or shelving scheme Dewey Decimal Classification
Koha item type Books
Holdings
Source of classification or shelving scheme Damaged status Not for loan Home library Current library Shelving location Date of accession Cost, normal purchase price Total Checkouts Full call number Barcode Date last seen Copy number Koha item type
Dewey Decimal Classification     JCC Rouf Library JCC Rouf Library General Stacks 12/07/2017 15.00   338.9549 TIM 1968 7055 12/07/2017 C-1 Books

JCC Library | Contacts | JCC Home

Last Update on 23 September 2017
Copyright @ 2017-2020 JCC Rouf Library
Rouf Library, Jhenidah Cadet College (JCC), Bangladesh